| 000 | 00640nam a22002177a 4500 | ||
|---|---|---|---|
| 003 | BD-DhJNU | ||
| 005 | 20250112054837.0 | ||
| 008 | 250112b |||||||| |||| 00| 0 eng d | ||
| 020 | _a9788189738815 | ||
| 040 |
_aBD-DhJNU _bENG _cBD-DhJNU _dBD-DhJNU |
||
| 082 |
_223 _a709.54 IND |
||
| 245 |
_aIndian painting : _bthe lesser-known traditions / _cedited by Anna L Dallapiccola |
||
| 260 |
_aNew Delhi : _bNiyogi , _c 2011. |
||
| 300 |
_a216 p. : _bill. ; _c30 cm. |
||
| 504 | _aIncludes index | ||
| 650 | _a Indian painting | ||
| 650 | _aMalerei | ||
| 650 | _aFolk art | ||
| 700 |
_aDallapiccola, Anna L _eeditor |
||
| 942 |
_2ddc _cBK _n0 |
||
| 999 |
_c1082 _d1082 |
||